30 pays manquants sur une carte - Statistiques

Statistiques générales
  • Ce quiz a été pris 4 578 fois
  • Le résultat moyen est 22 sur 30
Réponses sur la Carte
Les réponses sont colorées sur une échelle allant du rouge au vert en fonction du pourcentage des utilisateurs qui les ont devinées à leur premier essai. Vous pouvez retrouver ces pourcentages ci-dessous.
 
Statistiques - réponses
Pays % Correct
Canada
100%
États-Unis
100%
Algérie
99%
France
99%
Mexique
99%
Allemagne
98%
Argentine
98%
Brésil
98%
Libye
98%
Russie
98%
Égypte
97%
Espagne
97%
Mongolie
97%
Suisse
97%
Chine
96%
Colombie
96%
Roumanie
96%
Turquie
96%
Ukraine
96%
Bolivie
94%
République Démocratique du Congo
94%
Suède
94%
Italie
93%
Kazakhstan
93%
Mali
93%
Paraguay
93%
Pologne
93%
Afrique du Sud
92%
République Tchèque
92%
Autriche
91%
Biélorussie
91%
Hongrie
91%
Pakistan
91%
Sénégal
91%
Soudan
91%
Éthiopie
90%
Niger
90%
Venezuela
90%
Arabie Saoudite
89%
Équateur
89%
Inde
89%
Mauritanie
89%
Nicaragua
89%
Pérou
89%
Panama
88%
Soudan du Sud
88%
Afghanistan
87%
Finlande
87%
Iran
87%
Tchad
87%
Angola
86%
Indonésie
86%
Nigeria
86%
Ouzbékistan
86%
République Centrafricaine
86%
Royaume-Uni
86%
Australie
85%
Cameroun
85%
Guyana
85%
Kenya
85%
Moldavie
85%
Zimbabwe
85%
Botswana
84%
Guatemala
84%
Namibie
84%
Népal
84%
Serbie
84%
Slovaquie
84%
Belgique
83%
Costa Rica
83%
Côte d'Ivoire
83%
Maroc
83%
Chili
82%
Guinée
82%
Uruguay
82%
Yémen
82%
Birmanie
81%
Burkina Faso
81%
Mozambique
81%
Portugal
81%
Slovénie
81%
Tanzanie
81%
Turkménistan
81%
Zambie
81%
Bénin
80%
Croatie
80%
Bosnie-Herzégovine
79%
Bulgarie
79%
Irak
78%
Japon
78%
Macédoine du Nord
78%
Ouganda
78%
Honduras
77%
Kirghizistan
77%
Thaïlande
77%
Togo
77%
Ghana
76%
Suriname
76%
Tadjikistan
76%
Lituanie
75%
Norvège
75%
Nouvelle-Zélande
75%
République du Congo
75%
Tunisie
75%
Lesotho
74%
Madagascar
73%
Oman
73%
Corée du Nord
72%
Pays-Bas
71%
Danemark
70%
Grèce
70%
Laos
70%
Gabon
69%
Jordanie
69%
Lettonie
69%
Bhoutan
67%
Érythrée
67%
Malawi
66%
Monténégro
66%
Papouasie-Nouvelle-Guinée
66%
Sierra Leone
66%
Arménie
65%
Bangladesh
65%
Cambodge
65%
Corée du Sud
65%
Kosovo
65%
Viêt Nam
65%
Irlande
64%
Liberia
64%
Malaisie
64%
Rwanda
64%
Sri Lanka
64%
Syrie
64%
Azerbaïdjan
63%
Comores
62%
Somalie
62%
Albanie
61%
Géorgie
60%
Haïti
60%
Maurice
59%
Philippines
59%
Seychelles
59%
États Fédérés de Micronésie
58%
Guinée-Bissau
58%
Burundi
57%
Cuba
57%
Estonie
57%
Eswatini
57%
Islande
56%
République Dominicaine
56%
Taïwan
56%
Guinée Équatoriale
55%
Salvador
55%
Kiribati
54%
Maldives
54%
Sao Tomé-et-Principe
54%
Bahamas
53%
Gambie
50%
Israël
50%
Cap-Vert
49%
Chypre
49%
Jamaïque
49%
Fidji
48%
Îles Salomon
48%
Luxembourg
48%
Belize
46%
Émirats Arabes Unis
46%
Îles Marshall
45%
Samoa
45%
Palaos
44%
Vanuatu
44%
Djibouti
42%
Malte
41%
Tuvalu
41%
Tonga
40%
Nauru
39%
Qatar
39%
Koweït
38%
Liban
38%
Trinité-et-Tobago
31%
Timor Oriental
25%
Aucun quiz correspondant
Distribution des résultats
% des personnes avec chaque résultat
Percentile par nombre de réponses
Votre historique - résultats
Vous n’avez pas pris ce quiz